000 00746nam a2200145Ia 4500
008 090124s9999 xx 000 0 und d
082 _b33960
245 _a समर्थ वाग्वैजयंती ( समर्थ रामदासाची अप्रकाशित अमृतवाणी )
250 _a1
260 _bलिमये इंदु
_c2005
300 _a472
630 _a समर्थ वाग्वैजयंती ( समर्थ रामदासाची अप्रकाशित अमृतवाणी )
730 _a समर्थ वाग्वैजयंती ( समर्थ रामदासाची अप्रकाशित अमृतवाणी )
942 _cBOOK
999 _c191953
_d191953